[Event "Barcelona Sant Marti op-B 24th"]
[Site "Barcelona"]
[Date "2024.07.16"]
[Round "4"]
[White "Perez Garcia, Francisco Jose"]
[Black "Navarro Garcia, Alberto"]
[Result "1-0"]
[WhiteElo "1857"]
[BlackElo "1747"]
[PlyCount "55"]
[EventDate "2024.07.13"]
[EventType "swiss"]
[EventRounds "9"]
[EventCountry "ESP"]
[SourceTitle "EXT 2025"]
[Source "ChessBase"]
[SourceDate "2024.10.14"]
[SourceVersion "1"]
[SourceVersionDate "2024.10.14"]
[SourceQuality "1"]

1. c4 Nf6 2. Nc3 g6 3. g3 Bg7 4. Bg2 d6 5. d4 Nbd7 6. e4 e5 7. Nf3 0-0 8. Bg5 h6 9. Be3 c6 10. Qd2 Ng4 11. 0-0-0 Nb6 12. Bf1 Be6 13. d5 Nxe3 14. Qxe3 Bg4 15. dxc6 bxc6 16. h3 Bxf3 17. Qxf3 f5 18. exf5 Qg5+ 19. Kb1 Rxf5 20. Qxc6 Rxf2 21. Rxd6 Qf5+ 22. Bd3 e4 23. Bxe4 Rf1+ 24. Rd1 Rxd1+ 25. Rxd1 Qf7 26. Bd5 Nxd5 27. Qxa8+ Kh7 28. Qxd5 1-0

[Event "Barcelona Sant Marti op-B 24th"]
[Site "Barcelona"]
[Date "2024.07.15"]
[Round "3"]
[White "Navarro Garcia, Alberto"]
[Black "Silva Cerda, Arnau Alonso"]
[Result "1-0"]
[WhiteElo "1747"]
[BlackElo "1467"]
[PlyCount "59"]
[EventDate "2024.07.13"]
[EventType "swiss"]
[EventRounds "9"]
[EventCountry "ESP"]
[SourceTitle "EXT 2025"]
[Source "ChessBase"]
[SourceDate "2024.10.14"]
[SourceVersion "1"]
[SourceVersionDate "2024.10.14"]
[SourceQuality "1"]

1. e4 c6 2. d4 d5 3. Nc3 dxe4 4. Bc4 Bf5 5. f3 Nf6 6. g4 Bg6 7. h4 exf3 8. h5 Qc7 9. Qxf3 Bxc2 10. g5 Nd5 11. Kd2 Ba4 12. Nxa4 b5 13. Bxd5 cxd5 14. Qxd5 Qc6 15. Nc3 b4 16. Qxc6+ Nxc6 17. Nce2 Rd8 18. Kc2 Nxd4+ 19. Nxd4 Rxd4 20. Be3 Rd7 21. Nf3 a5 22. Bb6 a4 23. Rad1 Rxd1 24. Rxd1 e6 25. Rd8+ Ke7 26. Ne5 f6 27. Nc6+ Kf7 28. gxf6 Kxf6 29. h6 gxh6 30. Bd4+ 1-0

[Event "Barcelona Sant Marti op 11th"]
[Site "Barcelona"]
[Date "2024.02.29"]
[Round "8"]
[White "Rios Berral, Javier"]
[Black "Navarro Garcia, Alberto"]
[Result "0-1"]
[WhiteElo "1732"]
[BlackElo "1529"]
[PlyCount "70"]
[EventDate "2024.01.11"]
[EventType "swiss"]
[EventRounds "9"]
[EventCountry "ESP"]
[SourceTitle "CBM 219 Extra"]
[Source "ChessBase"]
[SourceDate "2024.05.31"]
[SourceVersion "1"]
[SourceVersionDate "2024.05.31"]
[SourceQuality "1"]

1. e4 c6 2. d4 d5 3. exd5 cxd5 4. c4 Nf6 5. Nc3 Nc6 6. a3 g6 7. Bf4 a6 8. c5 Bg7 9. Nf3 Nh5 10. Be3 Bg4 11. Be2 e6 12. h3 Bxf3 13. Bxf3 Nf6 14. Na4 Nd7 15. b4 b5 16. Nc3 0-0 17. 0-0 Qf6 18. Ne2 Qe7 19. Qd2 a5 20. Rfd1 Nf6 21. Bf4 Qd7 22. Be3 Rfb8 23. Bf4 Rb7 24. Bd6 Ne4 25. Qe1 Nxd6 26. cxd6 axb4 27. axb4 Rxa1 28. Rxa1 Qxd6 29. Ra8+ Rb8 30. Ra6 Qxb4 31. Qc1 Nxd4 32. Nxd4 Bxd4 33. Qc7 Rf8 34. Qc2 Qe1+ 35. Kh2 Bxf2 0-1

[Event "Barcelona Sant Marti op-B 23rd"]
[Site "Barcelona"]
[Date "2023.07.17"]
[Round "5"]
[White "Navarro Garcia, Alberto"]
[Black "Ramirez Cruz, Alberto"]
[Result "1-0"]
[WhiteElo "1474"]
[BlackElo "1614"]
[PlyCount "119"]
[EventDate "2023.07.13"]
[EventType "swiss"]
[EventRounds "9"]
[EventCountry "ESP"]
[SourceTitle "CBM 215 Extra"]
[Source "ChessBase"]
[SourceDate "2023.09.30"]
[SourceVersion "1"]
[SourceVersionDate "2023.09.30"]
[SourceQuality "1"]

1. Nf3 Nf6 2. g3 e6 3. c4 d5 4. b3 b6 5. Bb2 Bb7 6. Bg2 dxc4 7. bxc4 c5 8. 0-0 Be7 9. e3 0-0 10. Qe2 Nbd7 11. d3 Qc7 12. Nbd2 Rad8 13. Rfd1 Rfe8 14. Ne1 Bxg2 15. Nxg2 e5 16. Ne4 Nxe4 17. dxe4 Qc6 18. Rd5 Bd6 19. f3 Nf6 20. Rd2 Bc7 21. Rad1 Rxd2 22. Rxd2 a6 23. Ne1 b5 24. a3 Ba5 25. Rd1 Bxe1 26. Rxe1 Nd7 27. Bc3 Nb6 28. cxb5 axb5 29. Qb2 Nc4 30. Qc1 f6 31. Kf2 h6 32. Rd1 Ra8 33. Bb2 Nb6 34. Qc2 c4 35. f4 Nd7 36. Qd2 Nc5 37. Qd5+ Qxd5 38. exd5 Nd3+ 39. Rxd3 cxd3 40. fxe5 fxe5 41. e4 b4 42. a4 d2 43. Ke2 d1Q+ 44. Kxd1 Rxa4 45. d6 Kf7 46. Bxe5 g6 47. Bb2 b3 48. e5 Rc4 49. d7 Ke7 50. e6 Rc6 51. Bf6+ Kxe6 52. d8Q Rd6+ 53. Qxd6+ Kxd6 54. Kd2 Ke6 55. Bd4 Kf5 56. h3 h5 57. Ke3 g5 58. Bb2 g4 59. h4 Ke6 60. Ke4 1-0

[Event "Barcelona Sant Marti op-B 23rd"]
[Site "Barcelona"]
[Date "2023.07.15"]
[Round "3"]
[White "Navarro Garcia, Alberto"]
[Black "Garcia Huerta, Joaquin Marc"]
[Result "1-0"]
[WhiteElo "1474"]
[BlackElo "1388"]
[PlyCount "59"]
[EventDate "2023.07.13"]
[EventType "swiss"]
[EventRounds "9"]
[EventCountry "ESP"]
[SourceTitle "CBM 215 Extra"]
[Source "ChessBase"]
[SourceDate "2023.09.30"]
[SourceVersion "1"]
[SourceVersionDate "2023.09.30"]
[SourceQuality "1"]

1. e4 e5 2. Nf3 Nc6 3. d4 exd4 4. Bc4 Bc5 5. 0-0 d6 6. Ng5 Ne5 7. Bb3 h6 8. f4 hxg5 9. fxe5 Be6 10. Qf3 f6 11. Bxe6 d3+ 12. Be3 Bxe3+ 13. Qxe3 dxc2 14. Na3 fxe5 15. Rf7 c1Q+ 16. Rxc1 Nh6 17. Rxg7 Qf6 18. Qxg5 Qxg5 19. Rxg5 Ke7 20. Bh3 c6 21. Rg7+ Kf6 22. Rxb7 Rhd8 23. Nc4 d5 24. Rf1+ Kg5 25. Nxe5 dxe4 26. Rg7+ Kh4 27. Rf4+ Kh5 28. g4+ Kh4 29. Bf1 e3 30. Nf3# 1-0